| 000 | 01015nam a22002417a 4500 | ||
|---|---|---|---|
| 003 | OSt | ||
| 005 | 20150408114041.0 | ||
| 008 | 120530s2011 ua k g b 000 0 ara d | ||
| 020 | _a9772372649 | ||
| 040 | _cMU | ||
| 082 | 4 |
_221 _a658.3145 هـ م م |
|
| 100 |
_aهلال، محمد عبد الغني حسن، _d 1948- _915369 |
||
| 245 |
_aمهارات التعامل مع الآخرين والجمهور = _bDealing with public and others : سلوكيات التعامل والتواصل مع الآخر / _c محمد عبد الغني حسن هلال. |
||
| 246 | 3 | 1 | _aDealing with public and others |
| 260 |
_aالقاهرة : _bمركز تطوير الأداء والتنمية، _c2011 |
||
| 300 |
_a171 ص. : _bأشكال ؛ _c24 سم. |
||
| 490 |
_aمهارات تطوير الأداء ؛ _v31 |
||
| 504 | _aببليوجرافية : ص. 161-162. | ||
| 650 | 4 | _aإدارة الأفراد | |
| 650 | 4 | _aالسلوك الإداري | |
| 650 | 4 | _aالعلاقات الإنسانية | |
| 942 |
_2ddc _cDVD |
||
| 999 |
_c23882 _d258382 |
||